Propositionum iuris Pontificii et Caesarei, compendium resolutorium (Registro nro. 72414)

Detalles MARC
000 -ENCABEZADO
Número de control [NR] 02430nam a22003017a 4500
005 - FECHA Y HORA DE LA ÚLTIMA TRANSACCIÓN
control field 20170614105853.0
008 - DE LONGITUD FIJA DE DATOS DE ELEMENTOS - INFORMACIÓN GENERAL
Elementos de longitud fija [NR] 130419s1596||||it |||fr|||||001|0|latsd
040 ## - FUENTE DE CATALOGACION [NR]
Agencia de catalogación original [NR] Co-BoUCM
Idioma de catalogación [NR] spa
Quien Cataloga Sandra Yazo (modificó)
Quien Clasifica Sandra Yazo (modificó)
041 0# - CODIGO DE IDIOMA [R]
Código de idioma para texto/pista de sonido o título separado [R] Latín
082 04 - NUMERO DE CLASIFICACION DECIMAL DEWEY [R]
Número de clasificación [R] 340.5
Número de la edición [NR] 20
092 ## - SIGNATURA TOPOGRAFICA LOCAL
Número de clasificación local E06N020
100 1# - ASIENTO PRINCIPAL--NOMBRE PERSONAL [NR]
Nombre personal [NR] Sole, Brunoro a
Fechas asociadas con el nombre [NR] active 16th century
ID Autoridad 40504
242 00 - TRADUCCION DEL TITULO POR LA AGENCIA CATALOGADORA [R]
Título [NR] Compendio de respuestas a las proposiciones del derecho pontificio e imperial.
Parte restante del título [NR] Sacadas de los más acertados autores, donde se resumen todas las materias que tienen que ver con ambas censuras
Mención de responsabilidad, etc. [NR] Autor Brunoro Sole
Código de idioma del título traducido [NR] spa
245 10 - MENCION DE TITULO [NR]
Título [NR] Propositionum iuris Pontificii et Caesarei, compendium resolutorium
Parte restante del título [NR] Universas fere materias utramque censuram respicientes summatim perstringens, ex magis probatis scriptoribus collectum
Mención de responsabilidad, etc. [NR] authore Brunoro A Sole
260 ## - PUBLICACION, DISTRIBUCION, ETC. (PIE DE IMPRENTA) [R]
Lugar de publicación, distribución, etc. [R] Venetiis [Venecia] (Italia)
Nombre del editor, distribuidor, etc. [R] Apud Marcum Antonium Zalteruim [En los talleres Marco Antonio Zalterio]
Fecha de publicación, distribución, etc. [R] 1596
300 ## - DESCRIPCION FISICA [R]
Extensión [R] [8], 209 folios
Dimensiones [R] 33 x 21 cm.
500 ## - NOTA GENERAL [R]
Nota general [NR] Detalles físicos: Ejemplar en regular estado de conservación, desencuadernado. Encuadernación flexible en pergamino. Tapas rotas, sucias y arrugadas. Conserva parcialmente las guardas, rotas y desprendidas. Portada impresa en una sola tinta con un grabado de la marca tipográfica del editor, firma de pertenencia. Dedicatoria. Palabras al lector. Índice inicial, erratas. Mayúsculas capitales. Impresión en dos columnas con varios tipos y tamaños de letra. Señala algunos párrafos con parágrafos y asteriscos. Signaturas y reclamos. Al final registro de cuadernillos y colofón. Papel muy manchado por humedad, algunas hojas dobladas. Con nota de desinfección AGN 05 SEP 2007. Perteneció a la biblioteca de Fray Cristóbal de Torres
505 2# - NOTA DE CONTENIDO CON FORMATO PREESTABLECIDO [R]
Nota de contenido con formato preestablecido [NR] ABBAS = abad - UXOR = esposa
506 ## - NOTA DE RESTRICCIONES DE ACCESO [R]
Condiciones de acceso [NR] Consulta en sala
520 ## - NOTA DE RESUMEN, ETC. [R]
Nota de sumario, etc. [NR] Compendio que resume la doctrina y jurisprudencia de los derechos pontificio e imperial
546 ## - NOTA DE IDIOMA [R]
Nota de idioma [NR] Texto en latín
650 #7 - ASIENTO SECUNDARIO DE MATERIA - TERMINO TEMATICO [R]
Término temático o nombre geográfico como elemento de entrada [NR] Derecho canónico
Subdivisión general [R] Obras anteriores a 1800
9 (RLIN) 29726
650 #7 - ASIENTO SECUNDARIO DE MATERIA - TERMINO TEMATICO [R]
Término temático o nombre geográfico como elemento de entrada [NR] Derecho civil
Subdivisión general [R] Obras anteriores a 1800
9 (RLIN) 29560
653 ## - TERMINO DE INDIZACION - NO CONTROLADO [R]
Término de indización no controlado [R] Ambos derechos
690 ## - ASUNTO AGREGADO LOCAL DE ENTRADA - TÉRMINO TEMÁTICO (OCLC, RLIN)
Acceso temático local Derecho
9 (RLIN) 7494
856 41 - LOCALIZACION Y ACCESO ELECTRONICOS [R]
Identificador Uniforme del Recurso (“URI”) [R] <a href="http://books.google.com.co/books?id=5m1FAAAAcAAJ&printsec=frontcover&dq=Propositionum+iuris+pontificii+et+caesarei+1596&hl=es&sa=X&ei=94pqU6-4HYnfsATNlYHACw&ved=0CDUQ6AEwAQ#v=onepage&q&f=false">http://books.google.com.co/books?id=5m1FAAAAcAAJ&printsec=frontcover&dq=Propositionum+iuris+pontificii+et+caesarei+1596&hl=es&sa=X&ei=94pqU6-4HYnfsATNlYHACw&ved=0CDUQ6AEwAQ#v=onepage&q&f=false</a>
Nota dirigida al público [R] Disponible en línea
942 ## - ELEMENTOS DE ENTRADA AGREGADOS (KOHA)
Tipo de ítem principal el descrito en 300a Libro
Edición 1
Tema principal 4
Sistema de clasificación LOCAL
Clasificación E06N020
Existencias
Suprimido Perdido Sistema de clasificación Dañado No prestable Tipo de ítem específico Ubicación habitual Ubicación actual Localización Fecha de creación Forma de adquisición Costo Total préstamos Signatura topográfica Código de barras Última vez visto Ejemplar Price effective from Tipo de ítem
    LOCAL     Libro archivo Archivo Histórico Archivo Histórico Archivo histórico 12/07/2013 Donación 0.00   E06N020 L001044 15/12/2012 Ej.1 03/02/2013 Libro